Životnosť rezných materiálov

Gespeichert in:
Bibliographische Detailangaben
1. Verfasser: Čižmárik, Ivan (Verfasst von)
Weitere Verfasser: Pokorný, Peter (Betreuung Doktorarbeit)
Format: Manuskript Buch
Sprache:Slowakisch
Veröffentlicht: 2021
Schlagworte:
Online-Zugang:http://is.stuba.sk/zp/portal_zp.pl?podrobnosti=158054
Tags: Tag hinzufügen
Keine Tags, Fügen Sie das erste Tag hinzu!

MARC

LEADER 00000ntm a22000003a 4500
001 stuzp84168
003 SK-STU
005 20210612212714.4
007 ta
008 150427s2015----xo-----f-mn---000-0-slo-d
040 |a STU  |b slo 
041 0 |a slo 
100 1 |a Čižmárik, Ivan  |u 063000  |k Z4  |4 aut  |U MTF Materiálovotechnologická fakulta  |T MTF Ústav výrobných technológií  |X 88423  |U M3000  |Y 83  |7 88423 
242 0 1 |a Life of cutting materials  |y eng 
245 1 0 |a Životnosť rezných materiálov 
260 |c 2021 
650 4 |a trvanlivosť rezného materiálu  |2 slo 
650 4 |a adhézne vlastnosti  |2 slo 
650 4 |a iónová implantácia  |2 slo 
650 4 |a povlakovanie  |2 slo 
650 4 |a opotrebovanie  |2 slo 
650 4 |a ion implatation  |2 eng 
650 4 |a coating  |2 eng 
650 4 |a wear  |2 eng 
650 4 |a durability of cutting material  |2 eng 
650 4 |a adhesive properties  |2 eng 
700 1 |a Pokorný, Peter  |u 063200  |k Z1  |4 ths  |U MTF Ústav výrobných technológií  |T MTF Katedra obrábania a počítačovej podpory technológií  |X 2771  |U M3200  |Y 164  |7 A000002771 
856 4 |u http://is.stuba.sk/zp/portal_zp.pl?podrobnosti=158054 
996 |c M* DP-14511  |l MMSKP  |s P  |a 0  |w stuzp84168_0001